000 02204nam a2200361 a 4500
001 000006222
003 DO-SdBPM
005 20260507125553.0
007 ta
008 090827s1999 dr 001 0 spa d
020 _a8489525633
040 _aDO-SdBPM
_bspa
_cBPMSU
_erda
_drda
082 0 4 _a370.97293
_bF438f 1999
_222
100 1 _aFiallo Billini, José Antinoe
_d1944-
_eautor
_4aut.
100 z _a Billini, Antinoe Fiallo
100 z _aBillini, José Antinoe Fiallo
245 1 3 _aLa formación de maestros y maestras en República Dominicana :
_buna reflexión sobre los saberes en una perspectiva histórica 1844-1992 /
_cJosé Antinoe Fiallo Billini, Alejandrina Germán de Sosa.
264 _aSanto Domingo :
_bInstituto Tecnológico de Santo Domingo,
_c1999.
300 _a218 páginas ;
_c21 cm.
336 _atexto
_btxt
_2rdacontent
337 _asin mediación
_bn
_2rdamedia
338 _avolumen
_bnc
_2rdacarrier
500 _aBibliografía: páginas 205-218
505 0 _aIntroducción -- Características generales del período 1844-1865 -- Características del período 1866-1899 -- Características generales del período 1900-1916 -- Características generales del período 1916-1924 -- Características generales del período 1930-1961 -- Características generales del período 1961-1978 -- Características generales del período 1978-1992 -- Plan Decenal de Educación -- Ante-proyecto de Ley General de Educación -- Proyecto de resolución que establece el programa de profesionalización para docentes bachilleres en el nivel básico del sector oficial -- Algunos puntos de vistas recientes en la discusión y debate internacional sobre curriculum y formación de maestros -- Consideraciones finales -- Citas y notas bibliográficas.
590 _aInventariado, 2026/VM
650 7 _aFormación profesional de maestros
_zRepública Dominicana
_y1844-1992
650 7 _aEducación
_zRepública Dominicana
_xHistoria
650 7 _aCapacitación docente
_zRepública Dominicana
_y1844-1992
650 7 _a Reforma educativa
_zRepública Dominicana
700 1 _aGermán de Sosa, Alejandrina
_eautora
910 _aVMateo V. Control de calidad BPMSU
942 _2ddc
_cBK
999 _c15829
_d15829